| 000 | 00474nam a2200205Ia 4500 | ||
|---|---|---|---|
| 005 | 20250425162650.0 | ||
| 008 | 250425s9999 xx 000 0 und d | ||
| 020 | _a0671749102 | ||
| 041 | _aeng | ||
| 082 | _a800 | ||
| 100 | _aCOVEY, STEPHEN R. | ||
| 245 | 0 | _aPRINCIPLE CENTERED LEADERSHIP | |
| 250 | _aS.E | ||
| 260 |
_aEstados Unidos _bSIMON & SCHUSTER _c1980 |
||
| 260 | _aNEW YORK | ||
| 300 | _a334 | ||
| 650 | _aLITERATURA | ||
| 942 | _c01 | ||
| 010 | _a95268 | ||
| 999 |
_c233946 _d233946 |
||